Power and Conflict Poetry AQA English Literature Quiz Stats

 Plays Quiz not verified by Sporcle

Score 0/40 Timer 20:00
0 Plays Today
Question Answer Wrong Answers
I carving out me identity ???
19.1%
???
0.2%
???
0.2%
???
0%
his bloody life in my bloody hands. ???
19.1%
???
0%
???
0.3%
???
0.1%
looking as if she were alive ???
18.8%
???
0%
???
0.3%
???
0.1%
Bandage up me eye ???
18.7%
???
0.3%
???
0.1%
???
0.2%
But nothing happens. ???
18.4%
???
1.1%
???
0.2%
???
0.2%
the hapless soldier's sigh / Runs in blood down palace walls. ???
18.3%
???
0.4%
???
0.4%
???
0.2%
probably armed, possibly not ???
18.3%
???
0.2%
???
0.4%
???
0.6%
thinned to be transparent, / turned into your skin. ???
18.1%
???
0.2%
???
0.1%
???
0.3%
Spits like a tame cat/ Turned savage. ???
18%
???
0.4%
???
0.1%
???
0.1%
might fly our lives like paper kites ???
18%
???
0.6%
???
0.9%
???
0.1%
The mind-forged manacles I hear ???
17.9%
???
0.2%
???
0.4%
???
0.4%
black and huge ???
17.9%
???
0.5%
???
0.2%
???
0%
sneer of cold command ???
17.7%
???
0.2%
???
1%
???
0.1%
the merciless iced east winds that knive us ???
17.5%
???
0.6%
???
0.6%
???
0.1%
shattered visage ???
17.4%
???
0.3%
???
0.4%
???
0.6%
Your playground voice catching on the wind. ???
17.3%
???
0.8%
???
0.2%
???
0.3%
End of story, except not really. ???
17.2%
???
0.7%
???
0.4%
???
0.3%
Strange, it is a huge nothing that we fear. ???
16.9%
???
0.3%
???
1.3%
???
0.3%
Will't please you rise? ???
16.8%
???
0.7%
???
0.3%
???
0.7%
my memory of it is sunlight-clear ???
16.5%
???
0.5%
???
0.4%
???
0.6%
Maps too. The sun shines through / their borderlines ???
16.1%
???
0.3%
???
1.8%
???
0.2%
Though his fair daughter's self... is my object. ???
16%
???
1%
???
0.3%
???
0.6%
individual war graves ???
15.8%
???
0.5%
???
1%
???
0.3%
Theirs but to do and die ???
15.3%
???
0.6%
???
0.5%
???
1.2%
Exploding comfortably ???
15.1%
???
1.6%
???
0.6%
???
0.7%
upreared its head ???
15%
???
1.5%
???
0.8%
???
0.5%
like a hollow doll, opens and spills a grammar. ???
14.7%
???
0.9%
???
1.2%
???
1.1%
o'er my thoughts / There hung a darkness, call it solitude / Or blank desertion. ???
14.5%
???
0.9%
???
0.9%
???
1%
dropped like luxuries in a yelling alarm ???
14.2%
???
1.6%
???
0.7%
???
1.3%
leaned against it like a wishbone ???
14.1%
???
1.5%
???
0.6%
???
0.9%
the dark prince, muscular, dangerous. ???
14%
???
1.2%
???
0.8%
???
2.2%
All my words flattened, rolled, turned into felt, slowly melting. ???
13.7%
???
0.6%
???
0.9%
???
2.1%
All flesh is grass. ???
13.6%
???
2%
???
1.5%
???
1%
fire-woman struggle / hopeful stream / to freedom river ???
13.6%
???
0.3%
???
2.5%
???
1.4%
Storm'd at with shot and shell ???
13.6%
???
1.1%
???
2.2%
???
1.3%
Slowly our ghosts drag home ???
13.5%
???
2.1%
???
1.3%
???
0.7%
With an unswerving line, I fixed my view ???
13.2%
???
0.9%
???
2%
???
0.8%
dug in behind enemy lines ???
12.2%
???
4.5%
???
0.3%
???
1.1%
Pause over half-known faces ???
10.1%
???
1%
???
5.7%
???
0.5%
the flickering gunnery rumbles ???
9.7%
???
4.1%
???
1.2%
???
1.3%

You're not logged in!

Compare scores with friends on all Sporcle quizzes.
OR
Log In

Show Comments

Extras

Top Quizzes Today


Score Distribution

Your Account Isn't Verified!

In order to create a playlist on Sporcle, you need to verify the email address you used during registration. Go to your Sporcle Settings to finish the process.

Report this User

Report this user for behavior that violates our Community Guidelines.

Details: